A-Z: names ending in P - Statistics

General Stats
  • This quiz has been taken 36 times
  • The average score is 9 of 26
Answer Stats
Initial letter Clue Name ending in P % Correct
J 4 wheel drive all-terrain vehicle Jeep
91%
H Beatles album Help
79%
T US president Trump
76%
E Deputy sheriff Wyatt of the Wild West Earp
74%
L Person from northern Finland Lapp
59%
M Agatha Christie play billed as the longest-running in the world Mousetrap
59%
K The name of a section of Liverpool's Anfield stadium Kop
47%
G Clothes store, and town in Provence Gap
44%
U Two-word English rock band of the 1970s Uriah Heep
44%
V Transvision ____, 1980s pop-rock group who recorded I Want Your Love Vamp
41%
P Assassin Gavrilo who caused a slight problem by shooting Franz Ferdinand Princip
38%
C Appropriately-named golfer with surname Beck Chip
29%
W Nottinghamshire town Worksop
29%
Q Stage name of a rapper from A Tribe Called Quest Q-Tip
24%
B Pennine town between Rochdale and Burnley Bacup
18%
R First name of Turkish president Erdogan Recep
18%
Y Island in Micronesia Yap
18%
A Surname of Sudan-born Canadian Marco, 800m world champion Arop
12%
F British independent music shop Fopp
12%
I Trinidadian cricketer and commentator Ian Bishop
12%
N Aeroplane manufacturer Northrop
12%
O Creole name of Cap-Haïtien in Haiti Okap
12%
S Grunge record label Sub Pop
12%
Z 1980s electro-funk group featuring Roger Troutman Zapp
12%
D Sludge rock band from New Orleans Drip
9%
X Network calibration protocol and brand of metal lubricant XCP
3%
No matching quizzes found
Score Distribution
Percent of People with Each Score
Percentile by Number Answered
Your Score History
You have not taken this quiz